000 00706nam a22002177a 4500
999 _c14712
_d14712
003 AR-CdUCM
008 190424b ||||| |||| 00| 0 spa d
020 _a978-612-4029-70-7
040 _aMUNICIPALIDAD PROVINCIAL DEL CUSCO
_cBIBLIOTECA MUNICIPAL DEL CUSCO
082 _a PI / 803.08 /
_bG86
100 _aLos hermanos Grim
_933565
245 _aRicitos de oro /
260 _aLima :
_bEdit. Septiembre,
_c2010.
300 _a13 paginas ;
_bIlustraciones,
_c20 cm.
_ecd.
440 _aCuentos clásicos con miss Rosi
_933569
650 _aLiteratura infantil
_9588
650 _a Cuento
_94671
710 _aCorporación gráfica Navarrete
_928585
942 _2ddc
_cLIBROS
945 _arjall
_d2019-04-24